00365nam a22001337a 450000500170000000800410001708200210005810000310007924500360011025000080014626000480015430000140020265000150021620240220073539.0240220b |||||||| |||| 00| 0 eng d 222a320.9.bANC. aMukerji, Prasanna Krishna. aAncient political experiences : a1st aColombo :bM.D.GAUNASENA & Co., Ltd /c1961 avi, 331., apolitical.